01545nam a2200373 c 450000100060000000300100000600500170001600700030003300800410003602000180007704000350009504100130013008200200014310000390016324501100020225000370031226400460034930000180039533600270041333700330044033800280047349000690050152100530057053400540062354501000067760000820077765000330085965000410089265000300093370000480096394200120101199900170102395201310104058904CO-BoRNBP20250829155706.0ta210818r20142019sp jr 000 0dspa d a9788446043829 aCO-BoRNBPbspaerdacCO-BoRNBP1 aspahfre04a320.1bR68c222 aRousseau, Jean-Jacqueseaut96436113aEl contrato social /cJean Jacques Rousseau ; edición y traducción de María José Villaverde Rico. aPrimera ediciónbReimpresión 1aMadrid, España :bEdiciones Akal,c2019 a237 páginas atextobtxt2rdacontent asin mediaciónbn2rdamedia avolumenbnc2rdacarrier0 aBásica de Bolsillo. Clásicos del Pensamiento Políticov329 aRecomendado para un público mayor de 15 años tDu contrat social ou principes du droit politique aIncluye datos biográficos del autor y la traductora en el inicio y contra caratula del texto17aRousseau, Jean-JacquestEl contrato socialxCritica e interpretación96436207aFilosofía política2lemb07aSociología política2lemb91379507aSociología2lemb942736 aVillaverde Rico, María Joséetrl964363 2ddccBK c58904d58904 00102ddc40708GENaMEMAPJGAbMEMAPJGAcGENd2025-08-29l0o320.1 R68cpMPJG00657r2025-08-29 15:57:28tEj.1w2025-08-29yBK